000 01391cam a2200325 i 4500
999 _c64815
_d64815
001 21901813
003 OCoLC
005 20190220124128.0
008 900605s1990 mau g b 001 0 eng
020 _a0943575354
040 _aDLC
_bspa
_cCO-MdFUSB
_dMUQ
_dBAKER
_dNLGGC
_dHNW
_dBTCTA
_dYDXCP
_dBDX
_dOCLCO
_dOCLCA
_dOCLCQ
_dOCLCF
_dIOO
_dOCLCA
_dLMR
_erda
041 _aeng
082 _224
_aG 223.206
_bB444p
100 1 _aBellinger, W. H.
_eautor
245 1 0 _aPsalms
_b: reading and studying the book of praises
_c/ W.H. Bellinger, Jr.
264 1 _aPeabody, Massachusetts :
_bHendrickson Publishers,
_c℗[1990]
264 4 _c©1990
300 _a166 páginas ;
_c22 cm.
336 _2rdacontent.
_atexto
_btxt
337 _2rdamedia.
_asin mediación
_bn
338 _2rdacarrier.
_avolumen
_bnc
501 _aIncluye índices (páginas 159- 166)
504 _aBibliografía (páginas 151- 153)
505 0 _aComenzando -- Lecciones del pasado -- Leyendo los Salmos -- Lamentos: de las profundidades -- Salmos de alabanza: entronizados en las alabanzas de Israel -- Salmos reales: un pacto con mi elegido, David mi siervo -- Salmos de sabiduría: Te instruiré -- Los Salmos y la fe -- Excursus: Los Salmos y la sociología
630 0 7 _aBiblia.
_pSalmos
655 7 _aCriticism, interpretation, etc.
942 _cBK